| 000 | 01217nam0a22003131 4500 | ||
|---|---|---|---|
| 001 | v19\rc\1279831 | ||
| 005 | 20060306184035.1 | ||
| 035 | _a(NLR Aleph) 004430441 | ||
| 090 |
_a4259860 _c4259860 |
||
| 100 | _a20060306d1832 |||y0rusy50 ca | ||
| 101 | 0 | _arus | |
| 102 | _aRU | ||
| 105 | _ay z ||||| | ||
| 200 | 1 |
_aНеизменяемая Пасхалия, или Весь пасхальный на 7980 лет оборот _fПриведенная в сей порядок к. сов. Алексеем Андреевым сыном Рубан |
|
| 210 |
_aМосква _cУнив. тип. _d1832 |
||
| 215 |
_a34 с. _d28 |
||
| 517 | 0 | _aВесь пасхальный на 7980 лет оборот | |
| 532 | 1 | 1 | _aНеизменяемая Пасхалия, или Весь пасхальный на семь тысяч девятьсот восемьдесят лет оборот |
| 700 | 1 |
_aРубан _bА. А. _gАлексей Андреевич |
|
| 801 | 0 |
_aRU _bNLR _gpsbo |
|
| 801 | 0 |
_aRU _bRuMoRGB _2psbo |
|
| 801 | 1 |
_aRU _bProSoft-M _2rusmarc |
|
| 852 |
_aNLR _j18.98.2.34 |
||
| 899 |
_aRuMoRGB _jE 95/4 |
||
| 899 | _aБАН | ||
| 899 | _aГПИБ | ||
| 899 | _aНБ МГУ | ||
| 942 | _cBOOK | ||
| 980 | _aNB | ||